[Event "Schleswig Holstein-ch Seniors"]
[Site "Leck"]
[Date "2014.04.17"]
[Round "8"]
[White "Eckhoff, Manfred"]
[Black "Zingler, Uwe"]
[Result "1/2-1/2"]
[WhiteElo "1448"]
[BlackElo "1197"]
[PlyCount "87"]
[EventDate "2014.04.12"]
[EventType "swiss"]
[EventRounds "9"]
[EventCountry "GER"]
[SourceTitle "EXT 2018"]
[Source "ChessBase"]
[SourceDate "2017.10.13"]
[SourceVersion "1"]
[SourceVersionDate "2017.10.13"]
[SourceQuality "1"]

1. Nf3 d5 2. d4 Nf6 3. c4 c6 4. e3 a6 5. Nc3 e6 6. a3 Be7 7. Be2 0-0 8. 0-0 b5 9. c5 Nbd7 10. Bd3 g6 11. e4 dxe4 12. Nxe4 Nxe4 13. Bxe4 Bb7 14. Bh6 Re8 15. Re1 Nf6 16. Ne5 Nd5 17. Qf3 f5 18. Bxd5 exd5 19. g4 Qc8 20. Kh1 Bf6 21. gxf5 Bxe5 22. f6 Kf7 23. dxe5 Qe6 24. Re3 Bc8 25. b4 Kg8 26. Kg2 Bd7 27. Rae1 Kf7 28. Qf4 Kg8 29. Rf3 Qf7 30. h4 Be6 31. h5 Bf5 32. Rg3 Be4+ 33. Rxe4 dxe4 34. hxg6 hxg6 35. Bg7 Qd5 36. Qe3 Rxe5 37. Rxg6 Kf7 38. Rg3 Rae8 39. Bh6 Kxf6 40. Qf4+ Rf5 41. Qh4+ Ke6 42. Rg6+ Kd7 43. Rg7+ Ke6 44. Rg6+ 1/2-1/2

[Event "Schleswig Holstein-ch Seniors"]
[Site "Leck"]
[Date "2014.04.16"]
[Round "7"]
[White "Zingler, Uwe"]
[Black "Pahrmann, Rene"]
[Result "1/2-1/2"]
[WhiteElo "1197"]
[BlackElo "1498"]
[PlyCount "35"]
[EventDate "2014.04.12"]
[EventType "swiss"]
[EventRounds "9"]
[EventCountry "GER"]
[SourceTitle "EXT 2018"]
[Source "ChessBase"]
[SourceDate "2017.10.13"]
[SourceVersion "1"]
[SourceVersionDate "2017.10.13"]
[SourceQuality "1"]

1. d4 d5 2. Nf3 Nf6 3. e3 e6 4. c4 Be7 5. cxd5 exd5 6. Be2 0-0 7. 0-0 c6 8. a4 Be6 9. Nfd2 Nbd7 10. Nc3 Re8 11. Nf3 Nf8 12. Bd2 Ng6 13. g3 Bh3 14. Re1 Ng4 15. Bf1 Bxf1 16. Rxf1 Qd6 17. Kg2 Nf6 18. Ne2 1/2-1/2

[Event "Schleswig Holstein-ch Seniors"]
[Site "Leck"]
[Date "2014.04.13"]
[Round "2"]
[White "Zingler, Uwe"]
[Black "Ketelsen, Herbert"]
[Result "1-0"]
[WhiteElo "1197"]
[BlackElo "1280"]
[PlyCount "83"]
[EventDate "2014.04.12"]
[EventType "swiss"]
[EventRounds "9"]
[EventCountry "GER"]
[SourceTitle "EXT 2018"]
[Source "ChessBase"]
[SourceDate "2017.10.13"]
[SourceVersion "1"]
[SourceVersionDate "2017.10.13"]
[SourceQuality "1"]

1. d4 d5 2. Nf3 Nf6 3. e3 g6 4. c4 b6 5. cxd5 Nxd5 6. Nc3 Nf6 7. Be2 Bg7 8. 0-0 0-0 9. Bd2 Bb7 10. Rc1 Nbd7 11. h3 Rc8 12. Ne1 e6 13. Bf3 c6 14. Qa4 a5 15. Qd1 e5 16. dxe5 Nxe5 17. Be2 Qe7 18. f4 Ned7 19. Bf3 Rfd8 20. a3 Nc5 21. Rf2 Nce4 22. Nxe4 Nxe4 23. Bxe4 Qxe4 24. Qc2 Qd5 25. Bc3 Bxc3 26. Qxc3 c5 27. Re2 Re8 28. Rd2 Qe4 29. Nc2 Rcd8 30. Re1 c4 31. Nd4 h5 32. Qxc4 b5 33. Qf1 Kh7 34. Nf3 Qe7 35. Rxd8 Rxd8 36. Ng5+ Kg7 37. Qxb5 Qd7 38. Qe2 Qd5 39. Qc2 Rc8 40. Qe2 Qb3 41. Qd2 Rc2 42. Qd4+ 1-0

[Event "Schleswig Holstein-ch Seniors"]
[Site "Leck"]
[Date "2014.??.??"]
[Round "6"]
[White "Eghbali, Schahram"]
[Black "Zingler, Uwe"]
[Result "1/2-1/2"]
[WhiteElo "1021"]
[BlackElo "1197"]
[PlyCount "68"]
[EventDate "2014.04.12"]
[EventType "swiss"]
[EventRounds "9"]
[EventCountry "GER"]
[SourceTitle "EXT 2018"]
[Source "ChessBase"]
[SourceDate "2017.10.13"]
[SourceVersion "1"]
[SourceVersionDate "2017.10.13"]
[SourceQuality "1"]

1. b4 Nf6 2. Bb2 e6 3. b5 Be7 4. e3 c6 5. a4 d5 6. d4 0-0 7. c4 Ne4 8. c5 Qa5+ 9. Nd2 Nxd2 10. Qxd2 Qxd2+ 11. Kxd2 b6 12. Bc3 Bb7 13. Nf3 Re8 14. Ne5 f6 15. Nd3 Nd7 16. bxc6 Bxc6 17. Nb4 Bxa4 18. Bb2 bxc5 19. dxc5 Nxc5 20. Ke1 Bd7 21. Bc3 Ne4 22. Na2 Nxc3 23. Nxc3 Bb4 24. Rc1 Rec8 25. Kd2 a5 26. Bd3 f5 27. Rc2 Bxc3+ 28. Rxc3 Rxc3 29. Kxc3 Kf7 30. Rb1 h5 31. Rb7 Ke8 32. Kd4 a4 33. Bb1 a3 34. Ba2 Kd8 1/2-1/2

[Event "Schleswig Holstein-ch A 57th"]
[Site "Ratzeburg"]
[Date "2002.10.12"]
[Round "1"]
[White "Zingler, Uwe"]
[Black "Ollrogge, Andreas"]
[Result "0-1"]
[WhiteElo "1432"]
[BlackElo "1676"]
[PlyCount "70"]
[EventDate "2002.10.12"]
[EventType "swiss"]
[EventRounds "9"]
[EventCountry "GER"]
[SourceTitle "EXT 2010"]
[Source "ChessBase"]
[SourceDate "2010.11.25"]
[SourceVersion "1"]
[SourceVersionDate "2010.11.25"]
[SourceQuality "1"]

1. d4 Nf6 2. c4 e6 3. Nc3 d5 4. e3 c5 5. Nf3 Nc6 6. Be2 Be7 7. 0-0 0-0 8. cxd5 Nxd5 9. e4 Nxc3 10. bxc3 cxd4 11. cxd4 b6 12. Be3 Bb7 13. Bd3 Rc8 14. Rc1 Ba3 15. Rc4 b5 16. Rc2 a6 17. Bg5 f6 18. Be3 Qe7 19. e5 Nb4 20. Rxc8 Rxc8 21. Ne1 f5 22. Qb3 Nxd3 23. Qxd3 Bd5 24. Qb1 g5 25. f3 f4 26. Bd2 Qa7 27. Nc2 Be7 28. Qb2 a5 29. a3 Bc4 30. Rc1 Bd3 31. Bc3 Bxc2 32. Rxc2 b4 33. axb4 axb4 34. Bxb4 Rxc2 35. Qxc2 Qxd4+ 0-1